Home Print Resources E-Books E-Journals IIMT Lecture Series Library Membership Form Book Recommendation Form Campus Tour Take AdmissionAbout Us Contact Us

Modern Banking Law (Record no. 50869)

000 -LEADER
fixed length control field nam a22 7a 4500
003 - CONTROL NUMBER IDENTIFIER
control field OSt
005 - DATE AND TIME OF LATEST TRANSACTION
control field 20210919145512.0
008 - FIXED-LENGTH DATA ELEMENTS--GENERAL INFORMATION
fixed length control field 210919b xxu||||| |||| 00| 0 eng d
040 ## - CATALOGING SOURCE
Transcribing agency sero soft
100 ## - MAIN ENTRY--PERSONAL NAME
Personal name Mamta chaturvedi
245 ## - TITLE STATEMENT
Title Modern Banking Law
260 ## - PUBLICATION, DISTRIBUTION, ETC.
Place of publication, distribution, etc. Allahabad
Name of publisher, distributor, etc. Central Law Publication
300 ## - PHYSICAL DESCRIPTION
Extent 536
942 ## - ADDED ENTRY ELEMENTS (KOHA)
Source of classification or shelving scheme
Koha item type Book Bank
Holdings
Withdrawn status Lost status Source of classification or shelving scheme Damaged status Not for loan Home library Current library Date acquired Source of acquisition Cost, normal purchase price Inventory number Total Checkouts Barcode Date last seen Date last checked out Price effective from Koha item type Checked out
          IIMT University College of Law IIMT University College of Law 09/19/2021 Westan Law house meerut 320.00 1009-17-9-21 4 04-B-8490 02/02/2026 10/13/2025 09/19/2021 Book Bank  
          IIMT University College of Law IIMT University College of Law 09/19/2021 Westan Law house meerut 320.00 1009-17-9-21 3 04-B-8491 08/27/2025 08/27/2025 09/19/2021 Book Bank 01/30/2026
          IIMT University College of Law IIMT University College of Law 09/19/2021 Westan Law house meerut 320.00 1009-17-9-21 2 04-B-8492 01/28/2026 09/13/2025 09/19/2021 Book Bank  
          IIMT University College of Law IIMT University College of Law 09/19/2021 Westan Law house meerut 320.00 1009-17-9-21 2 04-B-8493 02/02/2026 10/08/2025 09/19/2021 Book Bank  
          IIMT University College of Law IIMT University College of Law 09/19/2021 Westan Law house meerut 320.00 1009-17-9-21 2 04-B-8494 02/06/2026 10/08/2022 09/19/2021 Book Bank  
IIMT, Central Library. All Rights Reserved IIMT,UNIVERSITY © 2023
Implemented and Customised by I CLOUDE EMS
You Are OPAC Visitor No
free web counter

Powered by Koha